Poselství papeže Jana Pavla II. k XXIII. Světovému dni cestovního ruchu 2002 / Jan Pavel II.
Record details
- Physical Description: 4 s.
- Publisher: Praha : Sekretariát České biskupské konference, 2002
Content descriptions
| General Note: | Církevní dokumenty |
Search for related items by subject
| Subject: | Dokumenty papežů texty ekologie příroda turistika |
| Genre: | kázání, promluvy |
Search for related items by series
Available copies
- 1 of 1 copy available at Common Catalog SPOK.
Holds
- 0 current holds with 1 total copy.
Show All Copies
| Location | Call Number / Copy Notes | Barcode | Shelving Location | Status | Due Date |
|---|---|---|---|---|---|
| Jabok Library | EK-4.1.3 | 424480012768 | Odborná literatura | Available | - |
| LDR | 01044nam a2200277ua 4500 | ||
|---|---|---|---|
| 001 | 9446 | ||
| 003 | CZ-PrJAB | ||
| 005 | 20190819054414.0 | ||
| 008 | 030306s2002 xr e u||| | cze | ||
| 035 | . | ‡a(CZ PrSKC)000130429 | |
| 040 | . | ‡aCBD005 ‡bcze | |
| 100 | 0 | . | ‡aJan Pavel ‡bII., ‡cpapež, ‡d1920-2005 ‡7jn19981001536 ‡4aut |
| 245 | 1 | 0. | ‡aPoselství papeže Jana Pavla II. k XXIII. Světovému dni cestovního ruchu 2002 / ‡cJan Pavel II. |
| 260 | . | ‡aPraha : ‡bSekretariát České biskupské konference, ‡c2002 | |
| 300 | . | ‡a4 s. | |
| 490 | 1 | . | ‡aČeská biskupská konference ; ‡vSv. 72 |
| 500 | . | ‡aCírkevní dokumenty | |
| 650 | 0 | 4. | ‡aDokumenty papežů |
| 650 | 0 | 7. | ‡atexty ‡7ph126631 ‡2czenas |
| 650 | 0 | 7. | ‡aekologie ‡7ph114418 ‡2czenas |
| 650 | 0 | 7. | ‡apříroda ‡7ph115994 ‡2czenas |
| 650 | 0 | 7. | ‡aturistika ‡7ph116506 ‡2czenas |
| 655 | 4. | ‡akázání, promluvy | |
| 710 | 2 | . | ‡aKatolická církev. ‡bPapež (1978-2005 : Jan Pavel II.) ‡7kn20010710508 |
| 830 | 0. | ‡aČeská biskupská konference | |
| 910 | . | ‡aABG312 | |
| 995 | . | ‡aska | |
| 901 | . | ‡a9446 ‡bCZ-PrJAB ‡c9446 ‡tbiblio | |